| 000 | 00582nam a2200169 i 4500 | ||
|---|---|---|---|
| 001 | 22621 | ||
| 003 | ES-MaACL | ||
| 005 | 20230906152728.0 | ||
| 007 | t| | ||
| 008 | 021203s1940 sp ||||1| spa d | ||
| 100 | 1 |
_aAlonso Muñoyerro, Luis. _920368 |
|
| 245 | 1 | 0 |
_aMoral médica en los Sacramentos de la Iglesia / _cpor Luis Alonso Muñoyerro ; prólogo y colaboración técnica de Manuel Bermejillo. |
| 260 |
_aMadrid : _b[s.n., _c1940] ( _fSucesores de Rivadeneyra) |
||
| 300 |
_a299 p. ; _c25 cm. |
||
| 700 | 1 |
_aBermejillo, Manuel. _928077 |
|
| 852 |
_aES-MaACL _jE-1033 _bR.18260 |
||
| 999 |
_c22621 _d22621 |
||